| 000 | 00582nam a2200193 4500 | ||
|---|---|---|---|
| 005 | 20251014100940.0 | ||
| 008 | 251014b |||||||| |||| 00| 0 eng d | ||
| 020 |
_a0-7355-1499-2 _qOriginal ISBN |
||
| 020 |
_8978-81-89960-64-3 _qIndian Reprint ISBN |
||
| 040 |
_aNational Science Library _cNational Science Library |
||
| 080 |
_a347.77:681.3.06 _bP7 |
||
| 100 | _aStobbs, Gregory A. | ||
| 245 | _aSoftware patents | ||
| 250 | _a2nd ed. | ||
| 260 |
_aNew Delhi: _bWolters Kluwe India Pvt. Ltd. _c2007 |
||
| 300 | _axxxi, 370p. | ||
| 650 | _aE-commerce | ||
| 942 |
_2udc _cBK |
||
| 999 |
_c67814 _d67814 |
||